| 000 | 00719nam a22002417a 4500 | ||
|---|---|---|---|
| 003 | OSt | ||
| 005 | 20220107122711.0 | ||
| 008 | 130423b xxu||||| |||| 00| 0 eng d | ||
| 020 | _a9788131720233 | ||
| 040 | _cIIITM-K | ||
| 082 | _a005.18 BAR/E | ||
| 100 |
_aBarrett, Steven F _934 |
||
| 245 |
_aEmbedded systems: _bDesign and applications with the 68HC12 and HCS12 _cby Steven F. Barrett, Daniel J Pack |
||
| 260 |
_aNew Delhi, _bPearson, _c2008. |
||
| 300 | _a667p. | ||
| 650 |
_aCOMPUTER ENGINEERING _935 |
||
| 650 |
_aEMBEDDED SYSTEMS _936 |
||
| 650 |
_aREAL TIME OPERATING SYSTEMS _937 |
||
| 650 |
_aCONTROL SYSTEMS _9260 |
||
| 650 |
_aMICROPROCESSOR _9261 |
||
| 700 |
_aPack, Daniel J _9249 |
||
| 942 |
_2ddc _cBK |
||
| 999 |
_c2928 _d2928 |
||